[Event "DVM U14w 2017"]
[Site "Neumünster GER"]
[Date "2017.12.28"]
[Round "4"]
[White "Müdder, Melanie"]
[Black "Rudolph, Eva"]
[Result "1-0"]
[Termination "normal"]
[Board "1.1"]
[WhiteElo "1829"]
[BlackElo "1757"]
[WhiteClock "00:04:41"]
[BlackClock "00:00:31"]
[WhiteTeam "SG Solingen"]
[BlackTeam "Düsseldorfer SK"]
[PlyCount "75"]
[WhiteFideId "12994103"]
[BlackFideId "16200594"]
[EventCountry "GER"]
[EventRounds "7"]
[EventType "team-swiss"]
[EventDate "2017.12.26"]

1. e4 {[%clk 1:30:58]} e5 {[%clk 1:30:55]} 2. Nf3 {[%clk 1:31:21]} Nf6 {[%clk
1:31:10]} 3. Nc3 {[%clk 1:31:40]} Nc6 {[%clk 1:30:58]} 4. d4 {[%clk 1:31:51]}
exd4 {[%clk 1:30:05]} 5. Nxd4 {[%clk 1:32:07]} Bb4 {[%clk 1:28:27]} 6. Nxc6
{[%clk 1:31:56]} bxc6 {[%clk 1:28:40]} 7. Bd3 {[%clk 1:32:14]} O-O {[%clk
1:27:09]} 8. O-O {[%clk 1:32:29]} d5 {[%clk 1:26:08]} 9. exd5 {[%clk 1:32:27]}
cxd5 {[%clk 1:24:54]} 10. h3 {[%clk 1:30:28]} h6 {[%clk 1:23:25]} 11. Qf3
{[%clk 1:28:46]} c6 {[%clk 1:21:29]} 12. Bf4 {[%clk 1:24:24]} Be6 {[%clk
1:17:56]} 13. Na4 {[%clk 1:17:39]} Qd7 {[%clk 1:13:39]} 14. Bxh6 {[%clk
1:06:05]} Be7 {[%clk 0:50:56]} 15. Bg5 {[%clk 0:58:46]} Rfe8 {[%clk 0:41:22]}
16. Rad1 {[%clk 0:44:55]} Rab8 {[%clk 0:32:08]} 17. b3 {[%clk 0:39:53]} Qc8
{[%clk 0:28:24]} 18. Bf4 {[%clk 0:35:24]} Ra8 {[%clk 0:26:21]} 19. Nb2 {[%clk
0:28:46]} Bf5 {[%clk 0:21:38]} 20. c4 {[%clk 0:22:40]} Bxd3 {[%clk 0:14:35]}
21. Qxd3 {[%clk 0:21:39]} Rd8 {[%clk 0:12:22]} 22. Qe2 {[%clk 0:19:32]} Qb7
{[%clk 0:10:03]} 23. Be5 {[%clk 0:16:58]} Rac8 {[%clk 0:08:56]} 24. cxd5 {[%clk
0:16:02]} cxd5 {[%clk 0:08:34]} 25. Nd3 {[%clk 0:14:05]} Ne4 {[%clk 0:06:10]}
26. Nf4 {[%clk 0:11:18]} Nf6 {[%clk 0:02:29]} 27. Qf3 {[%clk 0:10:13]} Rc5
{[%clk 0:01:59]} 28. b4 {[%clk 0:07:37]} Rb5 {[%clk 0:01:42]} 29. a4 {[%clk
0:06:40]} Rxb4 {[%clk 0:01:09]} 30. Bxf6 {[%clk 0:06:43]} Bxf6 {[%clk 0:01:17]}
31. Nxd5 {[%clk 0:05:59]} Qb8 {[%clk 0:00:49]} 32. Nxb4 {[%clk 0:05:17]} Qxb4
{[%clk 0:01:06]} 33. Rxd8+ {[%clk 0:05:16]} Bxd8 {[%clk 0:01:34]} 34. Qa8
{[%clk 0:05:34]} Qf8 {[%clk 0:01:06]} 35. Rc1 {[%clk 0:04:04]} Qe7 {[%clk
0:00:34]} 36. Rd1 {[%clk 0:04:19]} Kh7 {[%clk 0:00:35]} 37. Qxd8 {[%clk
0:04:39]} Qe6 {[%clk 0:00:31]} 38. Qh4+ {[%clk 0:04:41]} 1-0

[Event "DVM U14w 2017"]
[Site "Neumünster GER"]
[Date "2017.12.28"]
[Round "4"]
[White "Sokolowski, Judith"]
[Black "Berelowitsch, Dana"]
[Result "1/2-1/2"]
[Termination "normal"]
[Board "1.2"]
[WhiteElo "1351"]
[BlackElo "1648"]
[WhiteClock "00:02:47"]
[BlackClock "00:03:12"]
[WhiteTeam "Düsseldorfer SK"]
[BlackTeam "SG Solingen"]
[PlyCount "77"]
[WhiteFideId "16200624"]
[BlackFideId "12977144"]
[EventCountry "GER"]
[EventRounds "7"]
[EventType "team-swiss"]
[EventDate "2017.12.26"]

1. e4 {[%clk 1:30:57]} c5 {[%clk 1:30:56]} 2. c3 {[%clk 1:31:21]} g6 {[%clk
1:31:21]} 3. d4 {[%clk 1:31:43]} cxd4 {[%clk 1:31:45]} 4. cxd4 {[%clk 1:32:03]}
d5 {[%clk 1:32:11]} 5. exd5 {[%clk 1:32:22]} Nf6 {[%clk 1:32:32]} 6. Bb5+
{[%clk 1:32:45]} Nbd7 {[%clk 1:32:44]} 7. Nc3 {[%clk 1:33:05]} a6 {[%clk
1:31:40]} 8. Be2 {[%clk 1:26:51]} Nb6 {[%clk 1:27:25]} 9. Nf3 {[%clk 1:21:32]}
Bg7 10. O-O Nbxd5 {[%clk 1:24:41]} 11. Nxd5 {[%clk 1:17:09]} Qxd5 {[%clk
1:23:20]} 12. Ne5 {[%clk 1:13:43]} O-O {[%clk 1:19:22]} 13. Bf3 {[%clk
1:09:39]} Qa5 {[%clk 1:10:22]} 14. Qb3 {[%clk 1:03:30]} Qd8 {[%clk 0:58:42]}
15. Rd1 {[%clk 0:59:30]} e6 {[%clk 0:47:52]} 16. Bg5 {[%clk 0:54:04]} h6 {[%clk
0:43:04]} 17. Bh4 {[%clk 0:49:50]} g5 {[%clk 0:42:24]} 18. Bg3 {[%clk 0:49:21]}
Nd5 {[%clk 0:40:59]} 19. Nc4 {[%clk 0:42:31]} b5 {[%clk 0:27:20]} 20. Ne3
{[%clk 0:33:45]} Bb7 {[%clk 0:25:51]} 21. Nxd5 {[%clk 0:33:07]} Bxd5 {[%clk
0:25:08]} 22. Bxd5 {[%clk 0:32:56]} Qxd5 {[%clk 0:24:11]} 23. Qxd5 {[%clk
0:31:48]} exd5 {[%clk 0:24:34]} 24. Be5 {[%clk 0:29:41]} Rfe8 {[%clk 0:23:20]}
25. Bxg7 {[%clk 0:29:39]} Kxg7 {[%clk 0:23:01]} 26. Kf1 {[%clk 0:27:18]} Rac8
{[%clk 0:22:29]} 27. Rac1 {[%clk 0:27:00]} Kg6 {[%clk 0:18:05]} 28. Rc5 {[%clk
0:25:33]} Red8 {[%clk 0:13:52]} 29. Rdc1 {[%clk 0:25:13]} Rxc5 {[%clk 0:11:43]}
30. Rxc5 {[%clk 0:25:36]} Kf5 {[%clk 0:07:39]} 31. f3 {[%clk 0:25:23]} Rd6
{[%clk 0:05:41]} 32. Rc7 {[%clk 0:20:02]} Ke6 {[%clk 0:04:38]} 33. Kf2 {[%clk
0:18:50]} Rd7 {[%clk 0:04:52]} 34. Rc8 {[%clk 0:09:35]} Ke7 {[%clk 0:04:28]}
35. Kg3 {[%clk 0:09:18]} f5 {[%clk 0:02:42]} 36. Rc6 {[%clk 0:05:40]} Rd6
{[%clk 0:02:59]} 37. Rc8 {[%clk 0:03:56]} Rd8 {[%clk 0:03:15]} 38. Rc6 {[%clk
0:03:27]} Rd6 {[%clk 0:03:12]} 39. Rc7+ {[%clk 0:02:47]} 1/2-1/2

[Event "DVM U14w 2017"]
[Site "Neumünster GER"]
[Date "2017.12.28"]
[Round "4"]
[White "Kublanov, Elizabeth"]
[Black "Kogan, Dina Rachel"]
[Result "1-0"]
[Termination "normal"]
[Board "1.3"]
[WhiteElo "1561"]
[BlackElo "1345"]
[WhiteClock "00:00:34"]
[BlackClock "00:02:09"]
[WhiteTeam "SG Solingen"]
[BlackTeam "Düsseldorfer SK"]
[PlyCount "81"]
[WhiteFideId "12944564"]
[BlackFideId "16200608"]
[EventCountry "GER"]
[EventRounds "7"]
[EventType "team-swiss"]
[EventDate "2017.12.26"]

1. d4 {[%clk 1:30:55]} Nf6 {[%clk 1:30:54]} 2. Nf3 {[%clk 1:30:54]} g6 {[%clk
1:31:19]} 3. Bf4 {[%clk 1:30:42]} Bg7 {[%clk 1:31:36]} 4. e3 {[%clk 1:30:36]}
O-O {[%clk 1:31:49]} 5. Be2 {[%clk 1:30:16]} d6 {[%clk 1:32:09]} 6. h3 {[%clk
1:30:06]} Nbd7 {[%clk 1:29:17]} 7. O-O {[%clk 1:28:09]} b6 {[%clk 1:23:16]} 8.
c3 {[%clk 1:27:30]} Bb7 {[%clk 1:23:16]} 9. Nbd2 {[%clk 1:26:19]} c5 {[%clk
1:19:05]} 10. Re1 {[%clk 1:17:54]} Ne4 {[%clk 1:12:36]} 11. Nxe4 {[%clk
1:03:04]} Bxe4 {[%clk 1:12:21]} 12. Bd3 {[%clk 0:57:16]} Bc6 {[%clk 1:02:51]}
13. Qb3 {[%clk 0:52:10]} d5 {[%clk 0:58:40]} 14. Be2 {[%clk 0:47:41]} c4 {[%clk
0:58:23]} 15. Qc2 {[%clk 0:46:23]} b5 {[%clk 0:45:33]} 16. b3 {[%clk 0:34:58]}
f6 {[%clk 0:39:12]} 17. Bh2 {[%clk 0:28:49]} e5 {[%clk 0:37:42]} 18. dxe5
{[%clk 0:28:25]} fxe5 {[%clk 0:36:01]} 19. Rad1 {[%clk 0:23:16]} Qf6 {[%clk
0:32:05]} 20. Rf1 {[%clk 0:17:14]} Rf7 {[%clk 0:24:03]} 21. Bg3 {[%clk
0:15:40]} Raf8 {[%clk 0:14:31]} 22. Qb2 {[%clk 0:10:38]} a5 {[%clk 0:12:40]}
23. Qa3 {[%clk 0:08:00]} a4 {[%clk 0:11:59]} 24. bxc4 {[%clk 0:07:48]} bxc4
{[%clk 0:12:09]} 25. Nd2 {[%clk 0:03:05]} e4 {[%clk 0:10:52]} 26. f3 {[%clk
0:02:52]} Qxc3 {[%clk 0:06:34]} 27. Qxc3 {[%clk 0:02:51]} Bxc3 {[%clk 0:06:58]}
28. fxe4 {[%clk 0:02:15]} Rxf1+ {[%clk 0:07:01]} 29. Bxf1 {[%clk 0:02:02]} Bxd2
{[%clk 0:05:08]} 30. Rxd2 {[%clk 0:02:20]} dxe4 {[%clk 0:04:00]} 31. Bxc4+
{[%clk 0:02:42]} Kg7 {[%clk 0:03:50]} 32. Rd6 {[%clk 0:02:19]} Rf6 {[%clk
0:03:20]} 33. Rd1 {[%clk 0:01:42]} Rf8 {[%clk 0:02:20]} 34. Be1 {[%clk
0:01:35]} Ne5 {[%clk 0:02:18]} 35. Bc3 {[%clk 0:01:19]} Re8 {[%clk 0:02:17]}
36. Rd6 {[%clk 0:01:02]} Kh6 {[%clk 0:02:10]} 37. Bxe5 {[%clk 0:01:13]} Bb7
{[%clk 0:01:37]} 38. Bf4+ {[%clk 0:01:12]} Kh5 {[%clk 0:02:02]} 39. Be2+ {[%clk
0:00:50]} Kh4 {[%clk 0:02:16]} 40. Rd7 {[%clk 0:00:50]} h5 {[%clk 0:02:09]} 41.
Kh2 {[%clk 0:00:34]} 1-0

[Event "DVM U14w 2017"]
[Site "Neumünster GER"]
[Date "2017.12.28"]
[Round "4"]
[White "Orlova, Alicia"]
[Black "Bashylina, Luisa"]
[Result "0-1"]
[Termination "normal"]
[Board "1.4"]
[WhiteElo "1511"]
[BlackElo "1700"]
[WhiteClock "00:04:13"]
[BlackClock "00:02:05"]
[WhiteTeam "Düsseldorfer SK"]
[BlackTeam "SG Solingen"]
[PlyCount "120"]
[WhiteFideId "34154563"]
[BlackFideId "12983292"]
[EventCountry "GER"]
[EventRounds "7"]
[EventType "team-swiss"]
[EventDate "2017.12.26"]

1. e4 {[%clk 1:30:57]} c5 {[%clk 1:30:53]} 2. Nf3 {[%clk 1:31:18]} e6 {[%clk
1:31:19]} 3. d3 {[%clk 1:31:36]} Nc6 {[%clk 1:31:42]} 4. Nbd2 {[%clk 1:31:46]}
d6 {[%clk 1:31:37]} 5. g3 {[%clk 1:31:49]} g6 {[%clk 1:31:54]} 6. Bg2 {[%clk
1:31:46]} Bg7 {[%clk 1:32:07]} 7. O-O {[%clk 1:31:16]} Nge7 {[%clk 1:32:06]} 8.
h3 {[%clk 1:30:24]} O-O {[%clk 1:32:07]} 9. Nh2 {[%clk 1:29:16]} Nd4 {[%clk
1:30:52]} 10. f4 {[%clk 1:27:53]} Rb8 {[%clk 1:26:26]} 11. Ndf3 {[%clk
1:26:36]} b5 {[%clk 1:24:01]} 12. Be3 {[%clk 1:24:42]} Bd7 {[%clk 1:21:43]} 13.
Rb1 {[%clk 1:17:08]} Qa5 {[%clk 1:16:04]} 14. a3 {[%clk 1:15:22]} Qa4 {[%clk
1:12:50]} 15. Rf2 {[%clk 1:13:10]} Rfc8 {[%clk 1:10:37]} 16. g4 {[%clk
1:08:49]} b4 {[%clk 1:04:59]} 17. axb4 {[%clk 1:00:08]} Qxb4 {[%clk 1:03:51]}
18. e5 {[%clk 0:55:44]} Nxf3+ {[%clk 0:57:07]} 19. Nxf3 {[%clk 0:54:44]} Nd5
{[%clk 0:55:49]} 20. Qd2 {[%clk 0:49:48]} Qxd2 {[%clk 0:42:16]} 21. Bxd2 {[%clk
0:47:00]} Bh6 {[%clk 0:40:53]} 22. Nh4 {[%clk 0:35:11]} dxe5 {[%clk 0:36:21]}
23. Bxd5 {[%clk 0:34:05]} exd5 {[%clk 0:35:49]} 24. fxe5 {[%clk 0:34:25]} Bg7
{[%clk 0:34:54]} 25. Nf3 {[%clk 0:33:10]} Re8 {[%clk 0:34:03]} 26. Bf4 {[%clk
0:32:27]} Rb6 {[%clk 0:32:39]} 27. c3 {[%clk 0:30:32]} a5 {[%clk 0:30:03]} 28.
Bg3 {[%clk 0:27:38]} a4 {[%clk 0:29:14]} 29. Ra1 {[%clk 0:25:58]} Ra8 {[%clk
0:27:05]} 30. Ng5 {[%clk 0:24:29]} Be6 {[%clk 0:22:40]} 31. Rc2 {[%clk
0:19:39]} Bd7 {[%clk 0:18:45]} 32. Rf2 {[%clk 0:19:03]} Be8 {[%clk 0:18:34]}
33. Re2 {[%clk 0:17:50]} h6 {[%clk 0:18:33]} 34. Nf3 {[%clk 0:17:51]} Bd7
{[%clk 0:18:10]} 35. Bf2 {[%clk 0:17:34]} Rc8 {[%clk 0:15:45]} 36. d4 {[%clk
0:15:52]} c4 {[%clk 0:15:28]} 37. Kg2 {[%clk 0:14:33]} Rcb8 {[%clk 0:14:58]}
38. Ra2 {[%clk 0:14:06]} Bf8 {[%clk 0:13:41]} 39. Bg3 {[%clk 0:13:50]} R8b7
{[%clk 0:13:48]} 40. Bh4 {[%clk 0:13:39]} a3 {[%clk 0:12:51]} 41. bxa3 {[%clk
0:12:35]} Rb3 {[%clk 0:12:44]} 42. Be1 {[%clk 0:11:26]} Rxa3 {[%clk 0:11:40]}
43. Rxa3 {[%clk 0:10:54]} Bxa3 {[%clk 0:12:02]} 44. Ra2 {[%clk 0:10:49]} Bb2
{[%clk 0:12:02]} 45. Ra5 {[%clk 0:09:20]} Be6 {[%clk 0:11:44]} 46. Ng1 {[%clk
0:09:27]} Rb3 {[%clk 0:11:12]} 47. Ne2 {[%clk 0:09:23]} g5 {[%clk 0:06:24]} 48.
Ra4 {[%clk 0:08:22]} Kg7 {[%clk 0:06:24]} 49. Rb4 {[%clk 0:08:05]} Kg6 {[%clk
0:05:49]} 50. Kg3 {[%clk 0:07:50]} Bd7 {[%clk 0:05:37]} 51. Kf3 {[%clk
0:05:43]} Ba3 {[%clk 0:05:46]} 52. Rxb3 {[%clk 0:04:52]} cxb3 {[%clk 0:06:15]}
53. c4 {[%clk 0:05:03]} dxc4 {[%clk 0:05:26]} 54. Nc3 {[%clk 0:05:20]} Bb4
{[%clk 0:03:53]} 55. Ke4 {[%clk 0:05:30]} b2 {[%clk 0:01:45]} 56. Nb1 {[%clk
0:03:47]} Bxe1 {[%clk 0:01:46]} 57. d5 {[%clk 0:03:53]} c3 {[%clk 0:01:14]} 58.
Kd3 {[%clk 0:03:58]} Bb5+ {[%clk 0:01:29]} 59. Kc2 {[%clk 0:04:05]} Ba4+ {[%clk
0:01:50]} 60. Kd3 {[%clk 0:04:13]} c2 {[%clk 0:02:05]} 0-1

[Event "DVM U14w 2017"]
[Site "Neumünster GER"]
[Date "2017.12.28"]
[Round "4"]
[White "Werner, Rosalie"]
[Black "Peglau, Mirjam"]
[Result "0-1"]
[Termination "normal"]
[Board "2.1"]
[WhiteElo "1546"]
[BlackElo "1642"]
[WhiteClock "00:24:20"]
[BlackClock "00:44:19"]
[WhiteTeam "VSG 1880 Offenbach"]
[BlackTeam "Schachzentrum Seeblick"]
[PlyCount "150"]
[WhiteFideId "16223748"]
[BlackFideId "16211138"]
[EventCountry "GER"]
[EventRounds "7"]
[EventType "team-swiss"]
[EventDate "2017.12.26"]

1. e4 {[%clk 1:30:59]} e6 {[%clk 1:30:54]} 2. d4 {[%clk 1:31:24]} d5 {[%clk
1:31:21]} 3. e5 {[%clk 1:31:49]} c5 {[%clk 1:31:46]} 4. c3 {[%clk 1:32:15]} Nc6
{[%clk 1:32:08]} 5. Nf3 {[%clk 1:32:39]} Nge7 {[%clk 1:31:57]} 6. a3 {[%clk
1:32:38]} Qb6 {[%clk 1:31:03]} 7. b4 {[%clk 1:31:48]} cxd4 {[%clk 1:31:01]} 8.
cxd4 {[%clk 1:32:11]} Bd7 {[%clk 1:30:42]} 9. Nc3 {[%clk 1:31:42]} Rc8 {[%clk
1:30:15]} 10. Na4 {[%clk 1:30:20]} Qc7 {[%clk 1:29:45]} 11. Nc5 {[%clk
1:29:54]} Ng6 {[%clk 1:28:56]} 12. Nb3 {[%clk 1:22:01]} Be7 {[%clk 1:24:09]}
13. Be2 {[%clk 1:19:04]} O-O {[%clk 1:22:44]} 14. O-O {[%clk 1:18:03]} a6
{[%clk 1:22:00]} 15. Be3 {[%clk 1:12:35]} Na7 {[%clk 1:16:39]} 16. Rc1 {[%clk
1:10:49]} Qb8 {[%clk 1:16:23]} 17. Qd2 {[%clk 1:09:59]} Bb5 {[%clk 1:14:40]}
18. Rfd1 {[%clk 1:00:55]} Bxe2 {[%clk 1:14:40]} 19. Qxe2 {[%clk 1:01:08]} Nb5
{[%clk 1:14:28]} 20. Qb2 {[%clk 1:00:36]} b6 {[%clk 1:13:29]} 21. h3 {[%clk
0:56:30]} Rxc1 {[%clk 1:12:48]} 22. Rxc1 {[%clk 0:56:34]} Rc8 {[%clk 1:13:08]}
23. Rxc8+ {[%clk 0:52:14]} Qxc8 {[%clk 1:13:33]} 24. Bd2 {[%clk 0:51:23]} Qc4
{[%clk 1:11:18]} 25. a4 {[%clk 0:49:28]} Na7 {[%clk 1:11:12]} 26. Nc1 {[%clk
0:46:59]} Nh4 {[%clk 1:05:44]} 27. Nxh4 {[%clk 0:44:42]} Bxh4 {[%clk 1:05:44]}
28. Qc3 {[%clk 0:43:46]} Be7 {[%clk 1:03:51]} 29. Qxc4 {[%clk 0:38:01]} dxc4
{[%clk 1:04:18]} 30. Na2 {[%clk 0:36:10]} b5 {[%clk 1:03:13]} 31. axb5 {[%clk
0:34:51]} axb5 {[%clk 1:03:40]} 32. f4 {[%clk 0:34:30]} Kf8 {[%clk 1:02:27]}
33. Kf2 {[%clk 0:34:38]} Ke8 {[%clk 1:01:26]} 34. Ke3 {[%clk 0:34:11]} Kd7
{[%clk 0:59:51]} 35. g4 {[%clk 0:31:45]} Kc6 {[%clk 0:56:25]} 36. Ke4 {[%clk
0:29:38]} Nc8 {[%clk 0:55:47]} 37. Ke3 {[%clk 0:25:22]} Nb6 {[%clk 0:54:46]}
38. f5 {[%clk 0:23:58]} Nd5+ {[%clk 0:42:42]} 39. Ke2 {[%clk 0:16:52]} c3
{[%clk 0:40:18]} 40. Nxc3 {[%clk 0:17:08]} Nxb4 {[%clk 0:40:27]} 41. Ke3 {[%clk
0:11:40]} Bg5+ {[%clk 0:38:11]} 42. Ke2 {[%clk 0:10:29]} Bxd2 {[%clk 0:38:21]}
43. Kxd2 {[%clk 0:10:51]} Nd5 {[%clk 0:37:57]} 44. Ne4 {[%clk 0:07:36]} exf5
{[%clk 0:34:40]} 45. gxf5 {[%clk 0:07:59]} f6 {[%clk 0:30:16]} 46. e6 {[%clk
0:05:07]} Ne7 {[%clk 0:30:14]} 47. Ng3 {[%clk 0:05:22]} g6 {[%clk 0:29:57]} 48.
Ne4 {[%clk 0:05:33]} Nxf5 {[%clk 0:29:06]} 49. e7 {[%clk 0:03:10]} Nxe7 {[%clk
0:28:43]} 50. Nxf6 {[%clk 0:03:30]} h5 {[%clk 0:27:57]} 51. Kd3 {[%clk
0:02:09]} Nd5 {[%clk 0:27:36]} 52. Ng8 {[%clk 0:01:07]} g5 {[%clk 0:27:00]} 53.
Ke4 {[%clk 0:30:19]} b4 {[%clk 0:56:29]} 54. Kd3 {[%clk 0:30:32]} b3 {[%clk
0:54:18]} 55. Nh6 {[%clk 0:29:34]} Nf4+ {[%clk 0:53:56]} 56. Kc3 {[%clk
0:25:21]} Nxh3 {[%clk 0:53:57]} 57. Nf5 {[%clk 0:25:31]} Nf4 {[%clk 0:53:42]}
58. Ne7+ {[%clk 0:25:34]} Kd6 {[%clk 0:53:07]} 59. Nf5+ {[%clk 0:25:13]} Kd5
{[%clk 0:52:53]} 60. Ng3 {[%clk 0:25:06]} h4 {[%clk 0:52:38]} 61. Nf1 {[%clk
0:23:37]} Ne2+ {[%clk 0:52:23]} 62. Kxb3 {[%clk 0:22:07]} Kxd4 {[%clk 0:52:07]}
63. Kc2 {[%clk 0:22:28]} Ke4 {[%clk 0:50:46]} 64. Kd2 {[%clk 0:22:45]} Ng1
{[%clk 0:49:19]} 65. Ke1 {[%clk 0:22:50]} Kf3 {[%clk 0:48:44]} 66. Nh2+ {[%clk
0:22:52]} Kg2 {[%clk 0:48:42]} 67. Ng4 {[%clk 0:23:07]} Nf3+ {[%clk 0:48:13]}
68. Ke2 {[%clk 0:23:15]} Kg3 {[%clk 0:45:26]} 69. Ne3 {[%clk 0:23:23]} g4
{[%clk 0:44:25]} 70. Kf1 {[%clk 0:23:22]} h3 {[%clk 0:43:38]} 71. Nf5+ {[%clk
0:23:43]} Kf4 {[%clk 0:43:43]} 72. Nh6 {[%clk 0:23:32]} g3 {[%clk 0:44:03]} 73.
Nf5 {[%clk 0:23:41]} g2+ {[%clk 0:43:54]} 74. Kf2 {[%clk 0:24:01]} g1=Q+ {[%clk
0:44:14]} 75. Ke2 {[%clk 0:24:20]} Kxf5 {[%clk 0:44:19]} 0-1

[Event "DVM U14w 2017"]
[Site "Neumünster GER"]
[Date "2017.12.28"]
[Round "4"]
[White "Peglau, Sarah"]
[Black "Buchholz, Maja"]
[Result "0-1"]
[Termination "normal"]
[Board "2.2"]
[WhiteElo "1241"]
[BlackElo "1266"]
[WhiteClock "00:19:43"]
[BlackClock "00:35:51"]
[WhiteTeam "Schachzentrum Seeblick"]
[BlackTeam "VSG 1880 Offenbach"]
[PlyCount "86"]
[WhiteFideId "16219961"]
[BlackFideId "16200500"]
[EventCountry "GER"]
[EventRounds "7"]
[EventType "team-swiss"]
[EventDate "2017.12.26"]

1. e4 {[%clk 1:30:58]} c5 {[%clk 1:30:56]} 2. Nf3 {[%clk 1:31:24]} d6 {[%clk
1:31:21]} 3. d4 {[%clk 1:31:49]} cxd4 {[%clk 1:31:47]} 4. Nxd4 {[%clk 1:32:14]}
Nf6 {[%clk 1:32:12]} 5. Nc3 {[%clk 1:32:32]} g6 {[%clk 1:32:36]} 6. f3 {[%clk
1:32:53]} Bg7 {[%clk 1:33:01]} 7. Be3 {[%clk 1:33:18]} Nc6 {[%clk 1:33:24]} 8.
Qd2 {[%clk 1:33:40]} Bd7 {[%clk 1:33:46]} 9. O-O-O {[%clk 1:33:51]} Rc8 {[%clk
1:33:03]} 10. Bh6 {[%clk 1:33:02]} O-O {[%clk 1:32:47]} 11. Bxg7 {[%clk
1:33:20]} Kxg7 {[%clk 1:33:12]} 12. g4 {[%clk 1:33:41]} Ne5 {[%clk 1:33:09]}
13. h4 {[%clk 1:33:44]} Qb6 {[%clk 1:32:43]} 14. h5 {[%clk 1:33:39]} Rh8 {[%clk
1:27:32]} 15. Qg5 {[%clk 1:17:26]} a5 {[%clk 1:24:14]} 16. Rd2 {[%clk 1:05:29]}
a4 {[%clk 1:09:27]} 17. Nd5 {[%clk 0:59:32]} Qd8 {[%clk 1:02:09]} 18. Rdh2
{[%clk 0:58:51]} h6 {[%clk 0:59:40]} 19. Qe3 {[%clk 0:57:21]} g5 {[%clk
0:59:20]} 20. Nf5+ {[%clk 0:54:35]} Bxf5 {[%clk 0:53:52]} 21. gxf5 {[%clk
0:54:46]} Nxd5 {[%clk 0:52:47]} 22. exd5 {[%clk 0:55:07]} f6 {[%clk 0:52:58]}
23. f4 {[%clk 0:54:38]} Ng4 {[%clk 0:53:18]} 24. Qe6 {[%clk 0:54:13]} Nxh2
{[%clk 0:52:53]} 25. Rxh2 {[%clk 0:54:17]} Qe8 {[%clk 0:49:50]} 26. Be2 {[%clk
0:51:05]} Rc5 {[%clk 0:48:42]} 27. Bf3 {[%clk 0:49:08]} Rc7 {[%clk 0:48:20]}
28. Re2 {[%clk 0:42:18]} Qd7 {[%clk 0:47:09]} 29. Qe4 {[%clk 0:39:12]} b5
{[%clk 0:44:53]} 30. fxg5 {[%clk 0:38:03]} hxg5 {[%clk 0:44:44]} 31. Bg4 {[%clk
0:35:57]} Kh6 {[%clk 0:44:26]} 32. Qb4 {[%clk 0:28:32]} Rc4 {[%clk 0:44:25]}
33. Qe1 {[%clk 0:28:17]} Rxg4 {[%clk 0:43:57]} 34. Rxe7 {[%clk 0:28:21]} Qxf5
{[%clk 0:43:29]} 35. Re6 {[%clk 0:27:44]} Qf4+ {[%clk 0:42:50]} 36. Kb1 {[%clk
0:26:15]} Kxh5 {[%clk 0:41:25]} 37. a3 {[%clk 0:25:41]} Kg6 {[%clk 0:38:59]}
38. Qd1 {[%clk 0:23:00]} Kf7 {[%clk 0:37:10]} 39. Qe1 {[%clk 0:19:56]} Rgh4
{[%clk 0:36:26]} 40. Re7+ {[%clk 0:19:57]} Kg6 {[%clk 0:36:31]} 41. Qe6 {[%clk
0:19:26]} Rh1+ {[%clk 0:35:02]} 42. Ka2 {[%clk 0:19:37]} Qc4+ {[%clk 0:35:26]}
43. b3 {[%clk 0:19:43]} Qxc2# {[%clk 0:35:51]} 0-1

[Event "DVM U14w 2017"]
[Site "Neumünster GER"]
[Date "2017.12.28"]
[Round "4"]
[White "Peglau, Dora"]
[Black "Hentschker, Josefin"]
[Result "1/2-1/2"]
[Termination "normal"]
[Board "2.4"]
[WhiteElo "1159"]
[BlackElo "1111"]
[WhiteClock "00:12:15"]
[BlackClock "00:37:11"]
[WhiteTeam "Schachzentrum Seeblick"]
[BlackTeam "VSG 1880 Offenbach"]
[PlyCount "80"]
[WhiteFideId "16220005"]
[BlackFideId "16255810"]
[EventCountry "GER"]
[EventRounds "7"]
[EventType "team-swiss"]
[EventDate "2017.12.26"]

1. e4 {[%clk 1:30:58]} e5 {[%clk 1:30:53]} 2. Nf3 {[%clk 1:31:23]} Nc6 {[%clk
1:31:18]} 3. Bc4 {[%clk 1:31:49]} Bc5 {[%clk 1:31:43]} 4. c3 {[%clk 1:32:02]}
Nf6 {[%clk 1:31:52]} 5. d3 {[%clk 1:32:25]} h6 {[%clk 1:32:10]} 6. O-O {[%clk
1:32:48]} d6 {[%clk 1:32:35]} 7. Be3 {[%clk 1:33:08]} Bb6 {[%clk 1:32:58]} 8.
Nbd2 {[%clk 1:33:26]} O-O {[%clk 1:33:10]} 9. Re1 {[%clk 1:33:40]} Bg4 {[%clk
1:33:23]} 10. h3 {[%clk 1:33:57]} Be6 {[%clk 1:33:44]} 11. Bb3 {[%clk 1:34:17]}
Re8 {[%clk 1:22:56]} 12. Nc4 {[%clk 1:33:09]} Na5 {[%clk 1:14:44]} 13. Nxa5
{[%clk 1:27:21]} Bxa5 {[%clk 1:14:59]} 14. Bc2 {[%clk 1:27:28]} Bb6 {[%clk
1:15:04]} 15. a4 {[%clk 1:26:35]} c6 {[%clk 1:10:58]} 16. d4 {[%clk 1:22:59]}
Bd7 {[%clk 1:11:05]} 17. Nd2 {[%clk 1:16:34]} d5 {[%clk 1:07:16]} 18. Qf3
{[%clk 1:13:26]} Bc7 {[%clk 1:05:48]} 19. Rad1 {[%clk 1:11:20]} Be6 {[%clk
1:04:33]} 20. Bd3 {[%clk 0:59:54]} b6 {[%clk 0:51:06]} 21. b3 {[%clk 0:52:40]}
Rb8 {[%clk 0:49:44]} 22. dxe5 {[%clk 0:27:33]} Bxe5 {[%clk 0:49:50]} 23. Bd4
{[%clk 0:27:42]} Bxd4 {[%clk 0:46:49]} 24. cxd4 {[%clk 0:27:57]} dxe4 {[%clk
0:47:02]} 25. Nxe4 {[%clk 0:28:02]} Bxb3 {[%clk 0:46:05]} 26. Nxf6+ {[%clk
0:27:06]} Qxf6 {[%clk 0:45:58]} 27. Qxf6 {[%clk 0:22:13]} gxf6 {[%clk 0:46:16]}
28. Rxe8+ {[%clk 0:19:36]} Rxe8 {[%clk 0:46:28]} 29. Ra1 {[%clk 0:20:30]} Rd8
{[%clk 0:46:26]} 30. Be4 {[%clk 0:20:15]} c5 {[%clk 0:46:22]} 31. dxc5 {[%clk
0:20:05]} bxc5 {[%clk 0:46:38]} 32. f3 {[%clk 0:18:14]} c4 {[%clk 0:46:49]} 33.
Kf1 {[%clk 0:17:49]} c3 {[%clk 0:44:21]} 34. Rc1 {[%clk 0:16:19]} Rc8 {[%clk
0:42:56]} 35. a5 {[%clk 0:16:17]} c2 {[%clk 0:41:36]} 36. Ke2 {[%clk 0:15:53]}
Ba4 {[%clk 0:38:46]} 37. g4 {[%clk 0:12:23]} Re8 {[%clk 0:38:11]} 38. Kd3
{[%clk 0:11:54]} Rd8+ {[%clk 0:37:56]} 39. Kc3 {[%clk 0:12:04]} Rd1 {[%clk
0:38:12]} 40. Kb2 {[%clk 0:12:15]} Rd8 {[%clk 0:37:11]} 1/2-1/2